Resultados de 30 años de investigación suelos: llanos orientales de Colombia (Registro nro. 16581)

Detalles MARC
000 -CABECERA
Campo de control 006760000a22002050004500
090 ## - CLASIFICACIÓN LOCAL
Colección MM
Consecutivo 00205
041 0# - IDIOMA
Código de idioma para texto/pista de sonido o título separado
044 ## - PAÍS DE PUBLICACIÓN
País de publicación
110 1# - ASIENTO PRINCIPAL--NOMBRE CORPORATIVO
Nombre corporativo o de jurisdicción como elemento de entrada Corporación Colombiana de Investigación Agropecuaria
-- CORPOICA
245 10 - MENCION DE TITULO
Título Resultados de 30 años de investigación suelos: llanos orientales de Colombia
Version llanos orientales de Colombia
260 ## - PUBLICACION, DISTRIBUCION, ETC. (PIE DE IMPRENTA)
Lugar de publicación, distribución, etc. Villavicencio
Nombre del editor, distribuidor, etc. CORPOICA
Fecha de publicación, distribución, etc. 2002
300 ## - DESCRIPCION FISICA
Otros detalles físicos CD-ROM
650 14 - ASIENTO SECUNDARIO DE MATERIA - TERMINO TEMATICO
Término temático o nombre geográfico como elemento de entrada Suelos ácidos
650 14 - ASIENTO SECUNDARIO DE MATERIA - TERMINO TEMATICO
Término temático o nombre geográfico como elemento de entrada Pedología
650 14 - ASIENTO SECUNDARIO DE MATERIA - TERMINO TEMATICO
Término temático o nombre geográfico como elemento de entrada Biología del suelo
650 14 - ASIENTO SECUNDARIO DE MATERIA - TERMINO TEMATICO
Término temático o nombre geográfico como elemento de entrada Degradación del suelo
650 14 - ASIENTO SECUNDARIO DE MATERIA - TERMINO TEMATICO
Término temático o nombre geográfico como elemento de entrada Uso del suelo
651 #4 - ASIENTO SECUNDARIO DE MATERIA - NOMBRE GEOGRAFICO
-- Orinoquia
-- Colombia
942 ## - ELEMENTOS ADICIONALES (KOHA)
Tipo de ítem CD-ROM
Existencias
Withdrawn status Lost status Damaged status No para préstamo Colección Ubicación Permanente Ubicación actual Fecha de adquisición Fuente de Valor Total Checkouts Número topográfico Inventario / Código de Barras Date last seen Ejemplar Price effective from Forma de adquisición Tipo de material
        Audiovisual Villa de Leyva Villa de Leyva 16/05/2004 Falla, Patricia   MM 00205 018429 25/03/2015 1 25/03/2015   CD-ROM